000 00752nam a2200241 i 4500
001 bg
003 BPK
005 20190719115205.0
008 070924s1971 pl a f f |000 0 pol
015 _aPB 1971/7096
040 _aWA N
_cBPK
080 _a621.01
080 _a(075.8)
100 1 _aKorewa, Witold
_d(1899-1976).
_eAutor
245 1 0 _aCzęści maszyn.
_nCz. 3 /
_cWitold Korewa.
250 _aWyd. 8.
260 _aWarszawa :
_bPaństwowe Wydawnictwo Naukowe,
_cdr. 1971.
300 _a215 s. :
_bil. ;
_c23 cm.
650 4 _aMaszyny
_xbudowa i konstrukcje.
655 4 _aPodręczniki akademickie
856 _uhttp://koha.tu.koszalin.pl/cgi-bin/koha/opac-detail.pl?biblionumber=6142
_yKatalog online BPK
942 _2UKD
_cKS
999 _c6142
_d6142